Представление документа в формате MARC21

Поле Инд. ПП Название Значение
Тип записи a
Библиографический уровень m
001 Контрольный номер RU/IS/BASE/222431539
005 Дата корректировки 20171113100446.6
020 00 a ISBN 5-85270-320-6; 5-85270-329-Х (Т.1)
c Цена, тираж 990-00
084 a Индекс другой классификации/Индекс ББК 92
090 00 a Полочн. индекс 92
x Авторский знак Б 79
245 00 a Заглавие Большая Российская энциклопедия. [В 30 т.] Т. 1. А-Анкетирование
c Ответственность пред. науч.-ред. совета Ю. С. Осипов
260 00 a Место издания Москва
b Издательство Большая Рос. энцикл.
c Дата издания 2005
300 00 a Объем 766, [1] с.
b Иллюстрации/ тип воспроизводства ил., карты
650 _4 a Основная рубрика Энциклопедии универсальные
653 00 a Ключевые слова Энциклопедии
990 00 f Даты поступлений (DOS) 03.06